Szczegóły MARC21

The soft budget constraint : the emergence, persistence and logic of an institution /

005 -DATA I CZAS OSTATNIEJ MODYFIKACJI [,]
    • @
    • pole kontrolne
    • 20140113121139.0
020 -Międzynarod. znormalizowany nr książki - ISBN [ , ]
    • a
    • Numer ISBN
    • 0792379101 Find
040 -Instytucja sporządzająca opis [ , ]
    • a
    • Instytucja, która sporządziła opis (NP)
    • SZCZ U/SA
    • c
    • Instytucja, która sporządziła rekord (NP)
    • SZCZ U/SA
    • d
    • Instytucja, która zmodyfikowała rekord (P)
    • SZCZ U/KP
041 -Język dokumentu [0, ]
    • a
    • Język tekstu (P)
    • angielski
044 -Kraj miejsca wydania [ , ]
    • a
    • Kraj miejsca wydania
    • USA
    • a
    • Kraj miejsca wydania
    • Wielka Brytania
    • a
    • Kraj miejsca wydania
    • Niderlandy
942 -Rodzaj dokumentu [ , ]
    • c
    • Rodzaj dokumentu
    • Książka
100 -Hasło główne - nazwa osobowa [1, ]
    • 9
    • KHW
    • 43855
    • a
    • Nazwa osobowa (NP)
    • Skoog, Gun Eriksson
    • d
    • Daty biograficzne (NP)
    • (1956- ).
245 -Strefa tytułu i oznaczenia odpowiedzialności [1,4]
    • a
    • Tytuł
    • The soft budget constraint : Find
    • b
    • Ciąg dalszy tytułu (NP)
    • the emergence, persistence and logic of an institution / Find
    • c
    • Pozostałe elementy strefy tytułu i oznaczenia odpowiedzialności (NP)
    • Gun Eriksson Skoog.
260 -Strefa adresu wydawniczego [ , ]
    • a
    • Miejsce wydania (P)
    • Boston ;
    • a
    • Miejsce wydania (P)
    • Dordrecht ;
    • a
    • Miejsce wydania (P)
    • London :
    • b
    • Nazwa wydawcy (P)
    • Kluwer Academic Publishers,
    • c
    • Data wydania (P)
    • cop. 2000.
300 -Strefa opisu fizycznego [ , ]
    • a
    • Określenie formy książki i/lub objętość (NP)
    • XIX, 400 s. :
    • b
    • Oznaczenie ilustracji (NP)
    • il. ;
    • c
    • Format (NP)
    • 24 cm.
504 -Uwaga dot. bibliogr. załącznikowej [ , ]
    • a
    • Uwaga dot. bibliografii załącznikowej
    • Bibliogr. Ind.
080 -Uniwersalna Klasyfikacja Dziesiętna [ , ]
    • 2
    • Identyfikator wydania tablic
    • UDC-P058
    • 9
    • UKD
    • 2964
    • a
    • Symbol klasyfikacji
    • 330.342.15
    • b
    • Dopowiedzenie
    • Gospodarka socjalistyczna. Gospodarka komunistyczna. Ekonomia polityczna socjalizmu.
    • 4
    • UKD2
    • 60115
    • x
    • Poddział wspólny
    • (678)
    • c
    • Dopowiedzenie poddz. wspólnego
    • (Tanzania).
    • 4
    • UKD2
    • 8979
    • x
    • Poddział wspólny
    • (078.7)
    • c
    • Dopowiedzenie poddz. wspólnego
    • (Case studies. Studium przypadku).
    • 4
    • UKD2
    • 7644
    • x
    • Poddział wspólny
    • =111
    • c
    • Dopowiedzenie poddz. wspólnego
    • =Język angielski.
980 -Symbol UKD [ , ]
    • a
    • UKD
    • 330.342.15(678)(07)(078.7)=111
920 -ISBN [ , ]
    • a
    • ISBN
    • 0-7923-7910-1 Find
Data inwentaryzacji Lokalizacja Numer inwentarzowy Status udost.
2013-11-28TT.13721-2